Movies Quiz

Random Movies or Actor Quiz

Pick the Edward Norton Movie! Quiz Stats

 Plays Quiz not verified by Sporcle

Score 0/16 Timer 03:00
0 Plays Today
Question Answer Wrong Answers
Which one of these films stars Edward Norton? American History X
94.2%
Philadelphia
1.3%
Carol
1.5%
The Shawshank Redemption
1%
Which one of these films stars Edward Norton? Fight Club
91.9%
School Ties
2.5%
Guardians of the Galaxy
2.6%
The Green Mile
0.9%
Which one of these films stars Edward Norton? The Illusionist
88.7%
Falling Down
3.4%
Almost Famous
3.9%
Good Will Hunting
1.8%
Which one of these films stars Edward Norton? Rounders
87.3%
The Shawshank Redemption
1.9%
Bridesmaids
2.1%
Full Metal Jacket
6.5%
Which one of these films stars Edward Norton? The Incredible Hulk
86.7%
Pulp Fiction
1.1%
Black Swan
2.2%
Requiem for a Dream
7.8%
Which one of these films stars Edward Norton? Birdman or (The Unexpected Virtue of Ignorance)
81.8%
Malcolm X
5.9%
500 Days of Summer
8.5%
Schindler's List
1.8%
Which one of these films stars Edward Norton? Red Dragon
78.3%
Single White Female
5.1%
Match Point
9.2%
Saving Private Ryan
5.1%
Which one of these films stars Edward Norton? Moonrise Kingdom
73%
The Firm
9.5%
Eternal Sunshine of the Spotless Mind
8.5%
Whiplash
6.9%
Which one of these films stars Edward Norton? Primal Fear
72.8%
Glengarry Glen Ross
7.2%
I Heart Huckabees
14.3%
The Avengers
3.5%
Which one of these films stars Edward Norton? The Grand Budapest Hotel
70%
In the Line of Fire
10.5%
Before Sunset
13.4%
Gran Torino
3.9%
Which one of these films stars Edward Norton? The People vs. Larry Flynt
69.9%
Reservoir Dogs
7.8%
Short Term 12
19%
Forrest Gump
0.9%
Which one of these films stars Edward Norton? 25th Hour
68.6%
A Bronx Tale
14.4%
Upstream Color
8.5%
American Beauty
6.2%
Which one of these films stars Edward Norton? The Painted Veil
65.7%
Apollo 13
4.7%
Frances Ha
16.6%
12 Years a Slave
10.8%
Which one of these films stars Edward Norton? Everyone Says I Love You
61.1%
Patriot Games
13.8%
Hanna
20.8%
Pulp Fiction
1.8%
Which one of these films stars Edward Norton? Kingdom of Heaven
50.6%
Dazed and Confused
13.5%
Greenberg
32.3%
Gladiator
1.3%
Which one of these films stars Edward Norton? The Bourne Legacy
44.3%
Reality Bites
23.7%
Nightcrawler
16.4%
The Departed
13.5%

You're not logged in!

Compare scores with friends on all Sporcle quizzes.
OR
Log In

Sporcle TV

Today on Sporcle TV


Watch our educational content, quiz creation guides, and fun videos on Sporcle TV.

Show Comments

Extras

Top Quizzes Today


Score Distribution

Your Account Isn't Verified!

In order to create a playlist on Sporcle, you need to verify the email address you used during registration. Go to your Sporcle Settings to finish the process.

Report this User

Report this user for behavior that violates our Community Guidelines.

Details: